Labková patrola. Labky slávia Vianoce /
Tři vánoční příběhy kamarádů z Tlapkové patroly.
Uloženo v:
| Série: | Labková patrola (SK),
část 0 |
|---|---|
| Další autoři: | |
| Médium: | E-kniha |
| Jazyk: | Slovak |
| Vydáno: |
V Prahe :
Egmont,
2023
|
| Vydání: | 1. vydanie |
| Edice: | Paw Patrol (Egmont)
|
| Témata: | |
| Příbuzné jednotky: | Přeloženo z:
Christmas is coming. Přeloženo z: Holiday helpers. Přeloženo z: Jingle smells. Z cyklu:: Labková patrola (SK) |
| Tagy: |
Žádné tagy |
| LEADER | 02328nam a2200553 i 4500 | ||
|---|---|---|---|
| 001 | 312216 | ||
| 003 | CZ PrSKC | ||
| 005 | 20260601215718.0 | ||
| 007 | ta | ||
| 008 | 231010s2023 xr a a 000 j slo | ||
| 015 | |a cnb003554422 | ||
| 020 | |a 9788025256008 |q (vázáno) | ||
| 035 | |a (OCoLC)1408817456 | ||
| 040 | |a ABG001 |b cze |d ABA001 |e rda | ||
| 041 | 1 | |a slo |h eng | |
| 072 | 7 | |a 821-93 |x Literatura pro děti a mládež (beletrie) |2 Konspekt | |
| 080 | |a 821-32 |2 MRF | ||
| 080 | |a 821-93 |2 MRF | ||
| 080 | |a (0:82-32) |2 MRF | ||
| 245 | 0 | 0 | |a Labková patrola. |p Labky slávia Vianoce / |c z anglického originálu preložila Veronika Balúchová |
| 246 | 3 | 0 | |a Labky slávia Vianoce |
| 250 | |a 1. vydanie | ||
| 264 | 1 | |a V Prahe : |b Egmont, |c 2023 | |
| 300 | |a 68 stran : |b barevné ilustrace ; |c 22 cm | ||
| 336 | |a text |b txt |2 rdacontent | ||
| 336 | |a statický obraz |b sti |2 rdacontent | ||
| 337 | |a bez média |b n |2 rdamedia | ||
| 338 | |a svazek |b nc |2 rdacarrier | ||
| 490 | 1 | |a Paw Patrol | |
| 500 | |a Nad názvem uvedeno původní nakladatelství Nickelodeon | ||
| 505 | 0 | 0 | |t Vianoce prichádzajú -- |t Santovi pomocníci -- |t Vôňa Vianoc |
| 520 | 2 | |a Tři vánoční příběhy kamarádů z Tlapkové patroly. |b V městečku Adventure Bay chystají vánoční koncert, pomáhají Santovi rozvézt vánoční dárky, pečou nejlahodnější cukroví a zdobí stromeček. | |
| 521 | 8 | |a Pro děti od 4 let | |
| 655 | 7 | |a příběhy |7 fd133204 |2 czenas | |
| 655 | 7 | |a publikace pro děti |7 fd133156 |2 czenas | |
| 655 | 9 | |a stories |2 eczenas | |
| 655 | 9 | |a children's literature |2 eczenas | |
| 700 | 1 | |a Baluchová, Veronika |7 ola20191025268 |4 trl | |
| 765 | 0 | |t Christmas is coming. | |
| 765 | 0 | |t Holiday helpers. | |
| 765 | 0 | |t Jingle smells. | |
| 830 | 0 | |a Paw Patrol (Egmont) | |
| 900 | |a ABA001 |b 20 | ||
| 928 | 9 | |a Albatros Media - Egmont | |
| 044 | |a xr | ||
| 787 | 0 | 8 | |g 0 |i Z cyklu: |t Labková patrola (SK) |
| 910 | |a RBIT002 | ||
| 998 | |d 393255 |a https://core.palmknihy.cz/api/books/393255/cover?sexvcw |b https://core.palmknihy.cz/api/books/393255/cover/400?sexvcw |c https://core.palmknihy.cz/api/books/393255/cover/50?sexvcw |e 2026-06-30 |g 72 |i 9788025256008 |k https://core.palmknihy.cz/api/books/393255/preview.pdf |l |q 49 |r 1 |s https://www.palmknihy.cz/kniha/393255 |t ebook |y 2023 |z 0 |v Labková patrola (SK) |w 0 | ||
| 999 | |d 312214 | ||